00496nam a2200193 a 4500001001300000003000900013005001700022008004100039020000900080082002000089100001600109245002200125260002500147300000900172500003500181505004700216650002300263700001600286nice12345678IN_TiNIC20260116013302.0050524s1994 dela grp 000 0 eng  ac6500a270.820954bPHI aPhilim, T V aEcumenism in Asia aDelhi bISPCK c1994 a174p aincludes index and biblioraphy2 aCollection of essays and talks 1992 - 1996 aEcumenicalism-Asia1 aPhilim, T V